Protestantism or Catholicism? - Statistics

General Stats
  • This quiz has been taken 130 times
  • The average score is 11 of 13
Answer Stats
Question Answer % Correct
The Christian Nationalist movement in the United States is led by evangelical ___________. Protestants
94%
Orthodox Christianity is most similar to ____________. Catholicism
93%
The majority of American Christians are __________. Protestant
92%
The majority of global Christians are a _________. Catholic
91%
_____________ often pray to saints. Catholics
91%
Evangelicals are a subcategory of this group. Protestant
89%
John F. Kennedy was the first _______ president. Catholic
88%
Abortion is generally condemned in ________. Both
84%
In a _________ wedding ceremony, the bride and groom face away from the wedding guests. Catholic
81%
In ____________, women cannot be the priest/pastor of a church. Catholicism
80%
__________ believe in purgatory. Catholics
79%
Communion can be taken by anyone regardless of age or religious training. Protestant
75%
This sect baptizes infants. Both
55%
No matching quizzes found
Score Distribution
Percent of People with Each Score
Percentile by Number Answered
Your Score History
You have not taken this quiz